000 00663nam a2200229Ia 4500
003 GCL
008 140319s9999 xx 000 0 ara d
040 _aGCL /
_cGCL
082 0 4 _a820.9
_bم ك
100 1 _aمحمد مصطفى بدوى
245 1 0 _aكولردج /
_cمحمد مصطفى بدوى
260 _a[S.N] :
_bدار المعارف ،
_c1988
300 _a208 ص
490 _aنوابغ الفكر الغربى
_v0
650 0 4 _aالادب الانجليزى
650 0 4 _aالتراجم الادبية
650 0 4 _aالتراجم
650 0 4 _aالادباء
650 0 4 _aالانجليز
650 0 4 _aكولردج
942 _2ddc
_cBK
999 _c28443
_d28443